000 00603nam a2200193Ia 4500
005 20250508161927.0
008 008 250505s9999 xx 000 0 eng d
037 _aDissertations
040 _aFEDL
_beng
_cFEDL
041 _aeng
_2eng
084 _a371.271, KAT/DI
_qFEDL
100 _aKathuria Ganpat Rai
_9771761
245 0 _aInvestigation into the cheating-behaviour of ninth-class students during tests in mathematics
260 _c1978
300 _a93p.
546 _aM.Ed. Dissertation (Delhi University)
942 _cDIS
_h371.271, KAT/DI
999 _c1373273
_d1373273